Web designing and development training guide / (Record no. 96844)

MARC details
000 -LEADER
fixed length control field 00679nam a22002177a 4500
005 - DATE AND TIME OF LATEST TRANSACTION
control field 20230317124455.0
010 ## - LCCN (DPL NO)
LC control number ENG-114028 ENG-135899
020 ## - INTERNATIONAL STANDARD BOOK NUMBER
Terms of availability 120.00
International Standard Book Number 9788183335799
035 ## - SYSTEM CONTROL NUMBER
System control number EN-97560
035 ## - SYSTEM CONTROL NUMBER
System control number EN-119431
037 ## - SOURCE OF ACQUISITION
Source of stock number/acquisition DBAD/PUB
082 ## - DEWEY DECIMAL CLASSIFICATION NUMBER
Classification number 005.72
100 ## - MAIN ENTRY--PERSONAL NAME
Personal name Jain, Satish
245 ## - TITLE STATEMENT
Title Web designing and development training guide /
Statement of responsibility, etc by Satish Jain, Ambrish K.Rai [and] M.Geetha Iyer
260 ## - PUBLICATION, DISTRIBUTION, ETC. (IMPRINT)
Place of publication, distribution, etc New Delhi
Name of publisher, distributor, etc BPB Publications
Date of publication, distribution, etc 2015
270 ## - ADDRESS
Address B-14, Connaught Place,
City New Delhi
Postal code 110001
300 ## - PHYSICAL DESCRIPTION
Extent xv,215p.:
Dimensions 22cm(pbk)
Other physical details ill.
700 ## - ADDED ENTRY--PERSONAL NAME
Personal name Rai, Ambrish K.
700 ## - ADDED ENTRY--PERSONAL NAME
Personal name Iyer, M. Geetha
942 ## - ADDED ENTRY ELEMENTS (KOHA)
Source of classification or shelving scheme Dewey Decimal Classification
Item type English Books
Call number suffix JAI
Classification part 005.72
Holdings
Withdrawn status Lost status Not for loan Collection code Home library Current library Date acquired Source of acquisition Cost, normal purchase price Full call number Barcode Copy number Cost, replacement price Koha item type
    Not For Loan Non-fiction D.B.Act.Division D.B.Act.Division 11/09/2015 DBAD/PUB 120.00 005.72 JAI EN-97560 1 120.00 English Books
      Non-fiction Katevara Katevara 19/12/2022 DBAD/PUB 120.00 005.72 JAI EN-119431 1 120.00 English Books

© Delhi Public Library
Hit Counter
free hit counter